00325nam a2200121Ia 4500008004100000020001700041041000800058082002300066100001800089245004600107260004100153300000900194230411s9999 xx 000 0 und d a81-207-09322 aeng aN/613.2/BEG/B00099 aBegum Raheena aTextbook of Foods Nutrition and Dietetics bSterling publishingaNew Delhic1999 a356p